000 00473nam a22001697a 4500
003 BD-DhUL
005 20171108153900.0
008 171108snd. xx ||||| |||| 00| 0 per d
040 _aBD-DhUL
_cBD-DhUL
082 _a891.551
_bBED
100 0 _aبیدل
245 0 _aدیوان بیدل مع نکات بیدل /
_cبیدل
260 _aکانپور :
_bمطبع منشی،
_c۔
300 _aص۔ ۲۵۸ ؛
_c۲۴ سم۔
650 0 _aPersian poetry
942 _2ddc
_cBK
999 _c231846
_d231846